000
00332nam a2200145Ia 4500
999
_c
14105
_d
14105
003
OSt
005
20260327172943.0
008
260210s9999 xx 000 0 und d
020
_a
9789881566348
082
_a
747.85
100
_a
Ma
245
0
_a
Neo-Classical Interior Decoration In Hotels
260
_b
DMPL
942
_c
BDES
_2
ddc